Statistics for Every City in Nova Scotia on the Map

Click here to take the quiz!

General Stats

  • This quiz has been taken 295 times
  • The average score is 22 of 50

Answers on the Map

Answers color-coded by a green-red scale on the quiz's map according to % correct below.
 

Answer Stats

TypePopulationMunicipality% Correct
Regional municipality403,131Halifax
97%
Regional municipality94,285Cape Breton
73%
Town12,261Truro
70%
District municipality9,845Yarmouth
65%
Town6,518Yarmouth
65%
Town2,263Lunenburg
59%
District municipality24,863Lunenburg
59%
Town9,075New Glasgow
58%
Town4,364Antigonish
56%
County municipality14,584Antigonish
56%
Town9,413Amherst
55%
District municipality7,107Digby
55%
Town2,060Digby
55%
Town4,195Wolfville
54%
County municipality18,252Annapolis
51%
Town8,532Bridgewater
51%
Town3,186Pictou
51%
County municipality20,692Pictou
51%
Town6,271Kentville
48%
County municipality13,190Inverness
44%
County municipality47,404Kings
44%
Town1,743Shelburne
43%
District municipality4,288Shelburne
43%
Town3,648Windsor
43%
Town3,214Port Hawkesbury
42%
Town1,036Mahone Bay
40%
County municipality36,091Colchester
38%
Regional municipality10,307Queens
38%
Town4,208Stellarton
38%
Town491Annapolis Royal
37%
County municipality19,402Cumberland
36%
District municipality22,453East Hants
36%
District municipality4,670Guysborough
34%
County municipality6,552Victoria
34%
District municipality15,368West Hants
34%
District municipality10,310Chester
33%
Town1,190Oxford
33%
Town2,474Trenton
33%
Town2,509Berwick
32%
Town1,832Middleton
31%
Town1,373Stewiacke
31%
District municipality6,646Barrington
30%
County municipality8,458Richmond
30%
Town3,628Westville
28%
District municipality8,018Clare
25%
Town722Mulgrave
25%
Town758Clark's Harbour
24%
District municipality7,899Argyle
22%
Town531Lockeport
20%
District municipality2,233St. Mary's
18%

Score Distribution

Percentile by Number Answered

Percent of People with Each Score

Your Score History

You have not taken this quiz